000 00323 a2200121 4500
005 20240408163407.0
008 240408b |||||||| |||| 00| 0 eng d
020 _a9788184955200
100 _aOkawa R.
_9113445
245 _aयशाचे सिद्धांत
260 _bJaico Publishing House
_c2014
942 _cBK
999 _c357206
_d357206